Optimalizácia v logistike

Salvato in:
Dettagli Bibliografici
Autore principale: Brezina, Ivan, 1963-
Natura: Libro
Lingua:slovacco
Pubblicazione: Bratislava Katedra operačného výskumu a ekonometrie FHI EU 2001
Soggetti:
Tags: Aggiungi Tag
Nessun Tag, puoi essere il primo ad aggiungerne!!

MARC

LEADER 00000nam$a2200000$$$4500
001 0100699
005 20240502072112.5
041 0 |a slo 
044 |a SK 
245 1 0 |a Optimalizácia v logistike  |c Ivan Brezina 
264 1 |a Bratislava  |b Katedra operačného výskumu a ekonometrie FHI EU  |c 2001 
610 2 0 |a logistika 
610 2 0 |a optimalizácia 
610 2 0 |a výskum operačný 
610 2 0 |a metódy matematické 
100 1 |a Brezina, Ivan, 1963-